Stades de Ligue 1 (2025-2026) - Clic Quiz - Statistiques

Statistiques générales
  • Ce quiz a été pris 346 fois
  • Le résultat moyen est 12 sur 18
Statistiques - réponses
Hint Réponse % Correct

Orange Vélodrome

87%

Stade de la Beaujoire

86%

Groupama Stadium

85%

Parc des Princes

85%

Stade Louis-II

84%

Stade Bollaert-Delelis

74%

Stade du Moustoir

67%

Allianz Riviera

66%

Stade Francis-Le Blé

63%

Roazhon Park

63%

Stadium de Toulouse

61%

Stade Jean Bouin

58%

Stade Pierre Mauroy - Decathlon Arena

56%

Stade Océane

56%

Stade Raymond-Kopa

53%

Stade Saint-Symphorien

46%

Stade de la Meinau

45%

Stade Abbé Deschamps

44%
Aucun quiz correspondant
Distribution des résultats
% des personnes avec chaque résultat
Percentile par nombre de réponses
Votre historique - résultats
Vous n’avez pas pris ce quiz